An introduction to the pronunciation of English / (Record no. 19124)

MARC details
000 -LEADER
fixed length control field 01184pam a2200337 a 4500
001 - CONTROL NUMBER
control field 549713
003 - CONTROL NUMBER IDENTIFIER
control field OSt
005 - DATE AND TIME OF LATEST TRANSACTION
control field 20211118165153.0
008 - FIXED-LENGTH DATA ELEMENTS--GENERAL INFORMATION
fixed length control field 881116s1989 enka b 001 0 eng
010 ## - LIBRARY OF CONGRESS CONTROL NUMBER
LC control number 88034068
020 ## - INTERNATIONAL STANDARD BOOK NUMBER
International Standard Book Number 071316588X (pbk.)
020 ## - INTERNATIONAL STANDARD BOOK NUMBER
International Standard Book Number 0713165944 (hard)
040 ## - CATALOGING SOURCE
Original cataloging agency DLC
Transcribing agency HU
Modifying agency DLC
043 ## - GEOGRAPHIC AREA CODE
Geographic area code e-uk---
050 00 - LIBRARY OF CONGRESS CALL NUMBER
Classification number PE1135
Item number .G5 1989
082 00 - DEWEY DECIMAL CLASSIFICATION NUMBER
Classification number 421/.55
Edition number 19
100 1# - MAIN ENTRY--PERSONAL NAME
Personal name Gimson, A. C.
9 (RLIN) 19384
245 13 - TITLE STATEMENT
Title An introduction to the pronunciation of English /
Statement of responsibility, etc. A.C. Gimson.
250 ## - EDITION STATEMENT
Edition statement 4th ed. /
Remainder of edition statement revised by Susan Ramsaran.
260 ## - PUBLICATION, DISTRIBUTION, ETC.
Place of publication, distribution, etc. London ;
-- New York :
Name of publisher, distributor, etc. E. Arnold ;
Place of publication, distribution, etc. New York, NY :
Name of publisher, distributor, etc. Distributed in the USA by Routledge, Chapman and Hall,
Date of publication, distribution, etc. 1989.
300 ## - PHYSICAL DESCRIPTION
Extent xix, 364 p. :
Other physical details ill. ;
Dimensions 22 cm.
500 ## - GENERAL NOTE
General note Includes index.
504 ## - BIBLIOGRAPHY, ETC. NOTE
Bibliography, etc. note Bibliography: p. 342-352.
650 #0 - SUBJECT ADDED ENTRY--TOPICAL TERM
Topical term or geographic name entry element English language
General subdivision Phonetics.
9 (RLIN) 19385
650 #0 - SUBJECT ADDED ENTRY--TOPICAL TERM
Topical term or geographic name entry element English language
General subdivision Pronunciation.
9 (RLIN) 18999
650 #0 - SUBJECT ADDED ENTRY--TOPICAL TERM
Topical term or geographic name entry element English language
Geographic subdivision Great Britain.
9 (RLIN) 19386
700 1# - ADDED ENTRY--PERSONAL NAME
Personal name Ramsaran, Susan.
9 (RLIN) 19387
906 ## - LOCAL DATA ELEMENT F, LDF (RLIN)
a 7
b cbc
c orignew
d 1
e ocip
f 19
g y-gencatlg
942 ## - ADDED ENTRY ELEMENTS (KOHA)
Source of classification or shelving scheme Dewey Decimal Classification
Koha item type Books like text book referance book
Suppress in OPAC No
Holdings
Withdrawn status Lost status Source of classification or shelving scheme Damaged status Not for loan Collection code Home library Current library Shelving location Date acquired Total Checkouts Full call number Barcode Date last seen Copy number Price effective from Koha item type
    Dewey Decimal Classification     Non-fiction Wondo Genet Library Wondo Genet Library General Stacks 11/18/2021   421/.55 GIM 1989 WGCFNRL00006879 11/18/2021 1 11/18/2021 Books like text book referance book